Tratado de los contratos. Tomo II /

Guardado en:
Autor Principal: Lorenzetti, Ricardo Luis.
Formato: Libro
Idioma:Undetermined
Publicado: Santa Fe : Rubinzal Culzoni, 2000.
Edición:1a. ed.
Materias:
Etiquetas: Agregar Etiqueta
Sin Etiquetas, Sea el primero en etiquetar este registro!
LEADER 00587nam a22001695a 4500
001 DER.der015715
008 260414s2000####xx############000#0#und#d
005 20260414130653.0
245 1 0 |a Tratado de los contratos.  |n Tomo II /  |c Ricardo Luis Lorenzetti. 
250 |a 1a. ed. 
260 |a Santa Fe :  |b Rubinzal Culzoni,  |c 2000. 
300 |a 767 p. 
500 |a Este libro se corresponde con el Código Civil anterior al promulgado en 2015. 
020 |a 9507272399 
100 1 |a Lorenzetti, Ricardo Luis. 
650 7 |a DERECHOS DE LOS CONTRATOS 
859 |a DERECHO  |b BIB. DERECHO  |h 346.02  |i LOR  |p 0010801  |3 TomoII